Επίτομο εμπορικό δίκαιο
Αποθηκεύτηκε σε:
| Κύριος συγγραφέας: | |
|---|---|
| Μορφή: | Βιβλίο |
| Γλώσσα: | Greek |
| Δημοσίευση: |
[Θεσσαλονίκη] :
Ius,
2012.
|
| Θέματα: | |
| Ετικέτες: |
Προσθήκη ετικέτας
Δεν υπάρχουν, Καταχωρήστε ετικέτα πρώτοι!
|
MARC
| LEADER | 00000cam a2200000 i 4500 | ||
|---|---|---|---|
| 001 | 1/42482 | ||
| 008 | 140219r2012 gr | ||| |||| ||gre|| | ||
| 020 | |a 9789607410177 | ||
| 035 | |l 10116757 | ||
| 040 | |a GR-MyUA |b gre |e AACR2 | ||
| 041 | 0 | |a gre | |
| 082 | 0 | |a 346.07 |2 (22) | |
| 100 | 1 | |a Βελέντζας, Ιωάννης Ε., |d 1961- | |
| 245 | 1 | 0 | |a Επίτομο εμπορικό δίκαιο / |c Γιάννης Ε. Βελέντζας. |
| 260 | |a [Θεσσαλονίκη] : |b Ius, |c 2012. | ||
| 300 | |a 996 σ. ; |c 24 εκ. | ||
| 500 | |a Με πρακτικά θέματα & ερωτήσεις πολλαπλής επιλογής. | ||
| 500 | |a Νέα έκδοση συμπληρωμένη και επαυξημένη. | ||
| 505 | 0 | |a Γενικό εμπορικό δίκαιο, γενικοί όροι συναλλαγών, τραπεζικό δίκαιο,μορφές συμβάσεων της σύγχρονης οικονομίας, δίκαιο κεφαλαιαγοράς, δίκαιο ανταγωνισμού, αξιογραφικό δίκαιο, ασφαλιστικό δίκαιο, εταιρικό δίκαιο, δίκαιο σημάτων, δίκαιο ευρεσιτεχνίας, πτωχευτικό δίκαιο, ναυτικό δίκαιο. | |
| 650 | 0 | 0 | |a Commercial law. |
| 852 | |a INST |b SAMOS |e 20150701 |h 346.07 ΒΕΛ |p 005300042320 |q 005300042320 |t BK |y 0 | ||
| 852 | |a INST |b SAMOS |c EUDOXUS |e 20140219 |h 346.07 ΒΕΛ |p 005300036408 |q 005300036408 |t EDX |y 0 | ||
| 901 | |a BIBL3-2014-1 | ||
| 909 | |a Σ |b 184367 | ||
| 920 | |a ΕΥΔΟΞΟΣ |b ΠΑΡΑΓΓΕΛΙΑ |y Σάμος-ΤΣΑΧΜ |z 2013-12 | ||
| 970 | |a ΓΟΥΒΑΛΑ |b ΒΑΣΩ |z 2014/02/19 | ||